An International Comparison of National Products and the Purchasing Power of Currencies. (Record no. 9075)
[ view plain ]
| 000 -LEADER | |
|---|---|
| fixed length control field | 00641nam a2200193uu 4500 |
| 001 - CONTROL NUMBER | |
| control field | WIIW0000188 |
| 003 - CONTROL NUMBER IDENTIFIER | |
| control field | OSt |
| 005 - DATE AND TIME OF LATEST TRANSACTION | |
| control field | 20250124113352.0 |
| 008 - FIXED-LENGTH DATA ELEMENTS--GENERAL INFORMATION | |
| fixed length control field | 250124t2020 xxk||||| ||||||0| | eng d |
| 020 ## - INTERNATIONAL STANDARD BOOK NUMBER | |
| International Standard Book Number | n/a |
| 040 ## - CATALOGING SOURCE | |
| Transcribing agency | OSt |
| 041 ## - LANGUAGE CODE | |
| Language code of text/sound track or separate title | eng |
| 100 ## - MAIN ENTRY--PERSONAL NAME | |
| Dates associated with a name | M. Gilbert and I. B. Kravis |
| 245 00 - TITLE STATEMENT | |
| Title | An International Comparison of National Products and the Purchasing Power of Currencies. |
| Remainder of title | A Study of the United States, the United Kingdom, France, Germany and Italy |
| 260 ## - PUBLICATION, DISTRIBUTION, ETC. | |
| Place of publication, distribution, etc. | Paris: |
| Name of publisher, distributor, etc. | The Organization for European Economic Co-Operation |
| 300 ## - PHYSICAL DESCRIPTION | |
| Extent | 203 S. ; |
| Dimensions | 21,5 cm. |
| 650 ## - SUBJECT ADDED ENTRY--TOPICAL TERM | |
| Topical term or geographic name entry element | Comparison of National Products |
| 942 ## - ADDED ENTRY ELEMENTS (KOHA) | |
| Koha item type | Book |
| Source of classification or shelving scheme | Other/Generic Classification Scheme |
| Withdrawn status | Lost status | Source of classification or shelving scheme | Damaged status | Not for loan | Home library | Current library | Date acquired | Total Checkouts | Full call number | Date last seen | Price effective from | Koha item type |
|---|---|---|---|---|---|---|---|---|---|---|---|---|
| Other/Generic Classification Scheme | WIIW | WIIW | 01/24/2025 | 7985 | 01/24/2025 | 01/24/2025 | Book |
